Statistics for Do you know the Blackpink member's profiles? (BLΛƆKPIИK)

Click here to take the quiz!

General Stats

  • This quiz has been taken 2,247 times
  • The average score is 15 of 15

Answer Stats

HintAnswer% Correct
Born in Bangkook,ThailandLISA
100%
Studied abroad in New ZealandJENNIE
99%
Main rapperJENNIE
99%
Member who can speak ChineseJISOO
99%
Oldest Member in BLACKPINKJISOO
99%
Born on 27 March 1997LISA
99%
Who rapped the second rap verse in 'Whistle'?LISA
99%
Who's hometown is Melbourne?ROSE
99%
Real name: Park ChaeYoungROSE
99%
Main vocalistROSE
99%
Featured in label-mate Lee Hi's song 'Special' and Seungri's 'GG Be'JENNIE
98%
Who featured in G-Dragon's 'Black'?JENNIE
98%
Appeared as a cameo on the drama 'The Producers' with Dara and SeungyoonJISOO
98%
Model for NONA9ON with iKONLISA
98%
Former member of dance crew 'We Zaa Cool'LISA
98%

Score Distribution

Percentile by Number Answered

Percent of People with Each Score

Your Score History

You have not taken this quiz